000 00686nam a2200265Ia 4500
003 OSt
005 20220928113658.0
006 a|||||r|||| 00| 0
007 ta
008 220927b |||||||| |||| 00| 0 eng d
020 _a0631206329
024 _a68665
037 _cTextual
040 _aSDCL
_cSDCL
_beng
041 _2eng
_aeng
082 _aR4, N8
100 _aCooper David E Ed.
_9409915
245 0 _aEthics
_bThe classic readings
260 _aOxford
_bBlackwell
_c1998
300 _avii,287p.
_ccm.
490 _aPhilosophy:the classic readings
650 _aEthics
942 _hR4, N8
_cTEXL
_2CC
999 _c750783
_d750783